| 000 | 00408nam a2200145Ia 4500 | ||
|---|---|---|---|
| 041 | _aArabic | ||
| 082 | _a341,21 cut-992 م | ||
| 100 | _a20260118u\\\\\\\\\\\y0engy0103\\\\ba | ||
| 100 | _aا.د.فخري رشيد المهنا | ||
| 245 | 0 | _aالمنظمات الدولية | |
| 250 | _aط1 | ||
| 260 |
_bالعاتك لصناعة الكتاب _aالقاهرة - مصر |
||
| 300 | _a347 | ||
| 942 | _cBk | ||
| 999 |
_c187773 _d187773 |
||